[Event "15th ETC"]
[Site "Gothenburg SWE"]
[Date "2005.08.05"]
[Round "7"]
[White "Erenburg,S"]
[Black "Markowski,T"]
[Result "0-1"]
[WhiteElo "2595"]
[BlackElo "2564"]
[EventDate "2005.07.30"]

1. e4 c5 2. Nf3 e6 3. d4 cxd4 4. Nxd4 a6 5. Nc3 b5 6. Bd3 d6 7. O-O Nf6 8.
a4 b4 9. Na2 Qb6 10. Be3 Qb7 11. c3 bxc3 12. Nxc3 Be7 13. b4 Qxb4 14. Rb1
Qa5 15. Nb3 Qc7 16. a5 Bd7 17. Qd2 O-O 18. Rfc1 Qd8 19. Qe2 Nc6 20. Bb6 Qc8
21. Na4 Qe8 22. Bc7 Rc8 23. Bb6 Nb4 24. Nc3 Nxd3 25. Qxd3 Bc6 26. Nd2 Ra8
27. Bd4 d5 28. Bxf6 Bxf6 29. exd5 exd5 30. Nxd5 Bxd5 31. Qxd5 Rd8 32. Qa2
Qe2 33. Rc2 Rfe8 34. h3 h6 35. Nf3 Qe4 36. Rc7 Qd5 37. Qa4 Re2 38. Rbb7
Qd1+ 39. Qxd1 Rxd1+ 40. Kh2 Rf1 41. Rc8+ Kh7 42. Rxf7 Rfxf2 43. Kg3 Rxg2+
44. Kf4 Ra2 45. Rc4 Rxa5 46. Ra7 Ra3 47. Nd4 Rxh3 48. Nf5 Ra3 49. Nd6 Rf2+
50. Ke4 Re2+ 51. Kf5 Rf3+ 52. Kg4 Rf1 53. Ne4 Rg2+ 54. Kh3 Rg6 55. Nxf6+
Rfxf6 56. Rc8 Rf3+ 57. Kh2 Rf5 0-1

[Event "15th ETC"]
[Site "Gothenburg SWE"]
[Date "2005.08.05"]
[Round "7"]
[White "Van den Doel,E"]
[Black "Guseinov,G"]
[Result "1-0"]
[WhiteElo "2587"]
[BlackElo "2585"]
[EventDate "2005.07.30"]

1. e4 c5 2. Nf3 Nc6 3. d4 cxd4 4. Nxd4 g6 5. c4 Bg7 6. Be3 Nf6 7. Nc3 O-O
8. Be2 b6 9. O-O Bb7 10. Ndb5 d6 11. Qd2 Re8 12. Rfd1 Qd7 13. f3 Rec8 14.
Rac1 a6 15. Na4 axb5 16. Nxb6 Qd8 17. cxb5 Ne5 18. Rxc8 Rxc8 19. Nxc8 Qxc8
20. a4 Nc4 21. Qc2 Nxe3 22. Qxc8+ Bxc8 23. Rc1 Be6 24. b6 Bh6 25. b7 Kg7
26. b8=Q Nxg2 27. Rc3 Nf4 28. Bc4 d5 29. exd5 Bd7 30. a5 Nh3+ 31. Kh1 Bf4
32. Qb6 Be5 33. a6 Bf5 34. Qe3 Bf4 35. Qd4 1-0

[Event "15th ETC"]
[Site "Gothenburg SWE"]
[Date "2005.08.05"]
[Round "7"]
[White "Gashimov,V"]
[Black "Timman,J"]
[Result "1/2-1/2"]
[WhiteElo "2594"]
[BlackElo "2625"]
[EventDate "2005.07.30"]

1. e4 e5 2. Nc3 Nf6 3. g3 d5 4. exd5 Nxd5 5. Bg2 Nxc3 6. bxc3 Bd6 7. Ne2
O-O 8. O-O c6 9. Rb1 Nd7 10. d3 Re8 11. c4 h6 12. Bb2 Nc5 13. h3 Qc7 14.
Qd2 Bd7 15. Ba1 Rad8 16. f4 1/2-1/2

[Event "15th ETC"]
[Site "Gothenburg SWE"]
[Date "2005.08.05"]
[Round "7"]
[White "Fressinet,L"]
[Black "Vaganian,R"]
[Result "1-0"]
[WhiteElo "2627"]
[BlackElo "2614"]
[EventDate "2005.07.30"]

1. e4 e6 2. d4 d5 3. Nc3 Bb4 4. e5 b6 5. a3 Be7 6. Nf3 a5 7. Be3 h5 8. Bd3
Ba6 9. Ne2 Nh6 10. Rc1 Ng4 11. c4 dxc4 12. Bxc4 Nxe3 13. fxe3 Bh4+ 14. Nxh4
Qxh4+ 15. Ng3 Qg4 16. Qa4+ Ke7 17. O-O Qg6 18. d5 h4 19. d6+ cxd6 20. exd6+
Kxd6 21. Bxa6 1-0

[Event "15th ETC"]
[Site "Gothenburg SWE"]
[Date "2005.08.05"]
[Round "7"]
[White "Bacrot,E"]
[Black "Akopian,Vl"]
[Result "1/2-1/2"]
[WhiteElo "2729"]
[BlackElo "2705"]
[EventDate "2005.07.30"]

1. d4 d5 2. c4 c6 3. Nc3 Nf6 4. Nf3 dxc4 5. a4 Bf5 6. e3 e6 7. Bxc4 Bb4 8.
O-O Nbd7 9. Qe2 Bg6 10. e4 O-O 11. Bd3 Bh5 12. e5 Nd5 13. Nxd5 cxd5 14. Qe3
Be7 15. Ng5 Bxg5 16. Qxg5 Bg6 17. Bxg6 fxg6 18. Qg4 Rf5 19. Be3 Nb8 20. a5
a6 21. Rfc1 Nc6 22. Rc5 Na7 23. Rac1 Nb5 24. h4 Qe8 25. g3 Rf8 26. R1c2 Qf7
27. Kg2 h6 28. Qd1 Qf5 29. f3 h5 30. Bf4 Kh7 31. Be3 Rae8 32. Bg5 Kg8 33.
Be3 Kh7 34. Bg5 1/2-1/2

[Event "15th ETC"]
[Site "Gothenburg SWE"]
[Date "2005.08.05"]
[Round "7"]
[White "Pantsulaia,L"]
[Black "Karjakin,Sergey"]
[Result "1/2-1/2"]
[WhiteElo "2510"]
[BlackElo "2645"]
[EventDate "2005.07.30"]

1. d4 d5 2. c4 c6 3. Nf3 Nf6 4. Nc3 e6 5. Bg5 h6 6. Bh4 dxc4 7. e4 g5 8.
Bg3 b5 9. Be2 Bb7 10. O-O Nbd7 11. Ne5 Bg7 12. Nxd7 Nxd7 13. Bd6 Bf8 14.
Bxf8 Kxf8 15. e5 Qb6 16. f4 Rd8 17. Bh5 g4 18. Qxg4 Rg8 19. Qh4 Qxd4+ 20.
Rf2 Nc5 21. Ne2 Qd2 22. Ng3 Qd4 23. Ne2 Qd2 24. Ng3 Qd4 1/2-1/2

[Event "15th ETC"]
[Site "Gothenburg SWE"]
[Date "2005.08.05"]
[Round "7"]
[White "Moiseenko,A"]
[Black "Jobava,Ba"]
[Result "0-1"]
[WhiteElo "2664"]
[BlackElo "2621"]
[EventDate "2005.07.30"]

1. d4 d5 2. c4 e6 3. Nc3 Bb4 4. Nf3 Nf6 5. cxd5 exd5 6. Bg5 O-O 7. e3 c5 8.
Bd3 c4 9. Bb1 Bxc3+ 10. bxc3 Nbd7 11. Qc2 Qa5 12. Nd2 Ne4 13. Nxe4 dxe4 14.
Bh4 Nb6 15. O-O Re8 16. Bg3 Nd5 17. Rc1 Qa3 18. Qd2 Bf5 19. f3 f6 20. Bf2
b5 21. fxe4 Bxe4 22. Bxe4 Rxe4 23. Rab1 a6 24. Qb2 Qxb2 25. Rxb2 Nb6 26.
Kf1 Kf7 27. Ke2 Ke6 28. Kf3 Kd5 29. g4 Rae8 30. Ra1 Kc6 31. a4 Nxa4 32.
Rxa4 bxa4 33. Rb4 a5 34. Rxc4+ Kb5 35. Rc5+ Kb6 36. Rc4 R4e6 37. Rxa4 Kb5
38. Ra3 Ra6 39. d5 a4 40. e4 Kc4 41. Bg3 Kd3 42. d6 Rd8 43. g5 Kc2 44. c4
Kb2 45. Re3 a3 46. gxf6 gxf6 47. e5 a2 48. exf6 Rdxd6 49. Be5+ Kc2 50. Re2+
Kb3 51. Rb2+ Kxc4 52. Rxa2 Rd3+ 53. Ke4 Rxa2 54. f7 Rf2 0-1

[Event "15th ETC"]
[Site "Gothenburg SWE"]
[Date "2005.08.05"]
[Round "7"]
[White "Kuzubov,Y"]
[Black "Mchedlishvili,M"]
[Result "1/2-1/2"]
[WhiteElo "2535"]
[BlackElo "2549"]
[EventDate "2005.07.30"]

1. d4 Nf6 2. c4 e6 3. Nc3 Bb4 4. Qc2 O-O 5. a3 Bxc3+ 6. Qxc3 b6 7. Bg5 Bb7
8. e3 d6 9. Ne2 Nbd7 10. Qd3 Ba6 11. Nc3 d5 12. Qc2 Bxc4 13. Bxc4 dxc4 14.
Qa4 c5 15. Qxc4 cxd4 16. Qxd4 Nc5 17. Bxf6 Qxf6 18. Qxf6 gxf6 19. Ke2 f5
20. h3 Rfc8 21. Rac1 h5 22. Rhd1 Nb3 23. Rb1 a6 24. Rd7 b5 25. Rbd1 Kg7 26.
Kf3 Na5 27. Re7 1/2-1/2

[Event "15th ETC"]
[Site "Gothenburg SWE"]
[Date "2005.08.05"]
[Round "7"]
[White "Azmaiparashvili,Z"]
[Black "Ivanchuk,V"]
[Result "1/2-1/2"]
[WhiteElo "2672"]
[BlackElo "2752"]
[EventDate "2005.07.30"]

1. d4 f5 2. g3 Nf6 3. Bg2 d6 4. Nf3 g6 5. d5 Bg7 6. c4 Na6 7. Nd4 O-O 8.
O-O e5 9. dxe6 c6 10. Nc3 Nc5 11. Bf4 Nxe6 12. Nxe6 Bxe6 13. Qxd6 Re8 14.
Qd3 Ng4 15. Rac1 Qxd3 16. exd3 Rad8 17. Rcd1 Ne5 18. Bxe5 Bxe5 19. Rfe1 Bf7
20. Kf1 Kg7 21. f4 Bf6 22. Rxe8 Rxe8 23. Ne2 c5 24. b3 b6 25. d4 Rd8 26. d5
Be7 27. Nc3 Be8 28. Kf2 Bd6 29. Bf1 Bd7 30. Bd3 Re8 31. Rg1 Kf6 32. Kf3 h6
33. h3 g5 34. Rf1 gxf4 35. gxf4 Rg8 36. Ne2 Be8 37. Ng3 Bd7 38. Re1 Bc8 39.
Re2 Bd7 40. Rg2 Rg6 41. Bc2 a6 42. Re2 Rg8 43. Re1 Rg6 44. Nh1 Rg7 45. Bd3
Re7 46. Rb1 Be8 47. Ng3 Bg6 48. h4 Re8 49. h5 Bh7 50. Nf1 Re7 51. Ne3 Rg7
52. Re1 Re7 53. Rg1 Rf7 54. a3 Re7 55. Rb1 a5 56. Rg1 Ra7 57. Bc2 Re7 58.
Nd1 Rg7 59. Rxg7 Kxg7 60. Nc3 Kf6 61. Nb5 Bb8 62. Ke3 Bg8 63. d6 Be6
1/2-1/2

[Event "15th ETC"]
[Site "Gothenburg SWE"]
[Date "2005.08.05"]
[Round "7"]
[White "Svidler,P"]
[Black "Almasi,Z"]
[Result "1-0"]
[WhiteElo "2738"]
[BlackElo "2619"]
[EventDate "2005.07.30"]

1. e4 e5 2. Nf3 Nc6 3. Bb5 Nf6 4. d3 d6 5. O-O Bd7 6. c3 g6 7. Nbd2 Bg7 8.
Re1 O-O 9. Ba4 Qe8 10. Bb3 Nh5 11. Nf1 Nd8 12. d4 Ne6 13. Ng3 Nef4 14. Be3
Qe7 15. Nxh5 Nxh5 16. dxe5 dxe5 17. Qd5 Bc6 18. Qc4 Nf4 19. Bc5 Qd7 20.
Bxf8 Rxf8 21. h3 Bb5 22. Rad1 Qxd1 23. Rxd1 Bxc4 24. Bxc4 a6 25. a4 b5 26.
axb5 axb5 27. Bxb5 Ne6 28. Bc4 Rd8 29. Ra1 Bf8 30. b4 Kg7 31. Nxe5 Rd2 32.
Nf3 Rd6 33. Ra7 Rd1+ 34. Kh2 Nd8 35. e5 Rc1 36. Rxc7 Rxc3 37. b5 Bb4 38.
Rc8 Ba5 39. Ng5 Rc2 40. Ne4 Bb6 41. f4 h5 42. h4 Rc1 43. g3 Rc2+ 44. Kh1
Kh6 45. Nd6 Rc1+ 46. Kg2 Kg7 47. Rb8 Rc2+ 48. Kf1 Ba5 49. Bxf7 1-0

[Event "15th ETC"]
[Site "Gothenburg SWE"]
[Date "2005.08.05"]
[Round "7"]
[White "Pert,N"]
[Black "Votava,J"]
[Result "1/2-1/2"]
[WhiteElo "2493"]
[BlackElo "2542"]
[EventDate "2005.07.30"]

1. d4 Nf6 2. Nf3 g6 3. c4 Bg7 4. g3 O-O 5. Bg2 c6 6. O-O d5 7. b3 Bf5 8.
Bb2 Nbd7 9. e3 Rc8 10. Qe2 Qa5 11. Nbd2 Ne4 12. Rfc1 Bg4 13. h3 Bxf3 14.
Nxf3 e6 15. a4 Rfe8 16. Rc2 f5 17. Qe1 Qd8 18. b4 Nb6 19. c5 Nc4 20. Bf1
Nxb2 21. Rxb2 e5 22. Nxe5 Bxe5 23. dxe5 Rxe5 24. Qd1 Qe7 25. Bg2 h5 26. h4
Re8 27. Ra3 Re6 28. Bxe4 Rxe4 29. Qf3 Rg4 30. Kf1 Kg7 31. Rd3 Qf6 32. Rb1
Kh6 33. Rdb3 Re7 34. Rd3 Kg7 35. Rdb3 Qe6 36. Rd3 Qe5 37. Rdb3 Rc4 38. Rd3
Qf6 39. Rdb3 Ree4 40. b5 Rxa4 41. bxc6 bxc6 42. Rb7+ Re7 43. Qe2 Rxb7 44.
Rxb7+ Kh6 45. Qd2 Qa1+ 46. Kg2 Ra2 47. Qd4 Qxd4 48. exd4 Ra4 49. Rc7 Rxd4
50. Kf3 Rc4 51. Rxc6 a5 52. Ke3 Kg7 53. Rc7+ Kf6 54. Rc6+ Kf7 55. Rc7+ Kf6
56. Rc6+ Kf7 57. Rc7+ Ke8 58. Rc6 f4+ 59. gxf4 Kf7 60. Rc8 Ke6 61. c6 a4
62. c7 Kd7 63. Rg8 Rc6 64. Ra8 Rxc7 65. Rxa4 Ke6 66. Ra8 Rc3+ 67. Kd4 Rc4+
68. Ke3 Rc3+ 69. Kd4 Rc4+ 70. Ke3 Re4+ 71. Kf3 Rb4 72. Re8+ Kd7 73. Re5
Rb3+ 74. Kg2 Rb4 75. Rxd5+ Ke6 76. Rg5 Rxf4 77. Rxg6+ Kf7 78. Kg3 Rxf2 79.
Rg5 Rf1 80. Rxh5 Kg7 81. Ra5 Kh7 82. Kg4 Rg1+ 83. Kh5 Rg2 84. Ra7+ Rg7
1/2-1/2

[Event "15th ETC"]
[Site "Gothenburg SWE"]
[Date "2005.08.05"]
[Round "7"]
[White "Gormally,D"]
[Black "Hracek,Z"]
[Result "1-0"]
[WhiteElo "2557"]
[BlackElo "2591"]
[EventDate "2005.07.30"]

1. d4 Nf6 2. c4 e6 3. Nf3 b6 4. a3 Bb7 5. Nc3 d5 6. cxd5 Nxd5 7. e3 g6 8.
Nxd5 exd5 9. b4 Bd6 10. Bb2 a6 11. h4 Nd7 12. h5 O-O 13. Ne5 Qe7 14. f4 c5
15. bxc5 bxc5 16. Bd3 c4 17. hxg6 fxg6 18. Bxg6 hxg6 19. Qg4 Nf6 20. Qh3
Bxe5 21. dxe5 Nh7 22. Bd4 Bc8 23. g4 Rb8 24. Qh6 Rf7 25. Qxg6+ Rg7 26. Rxh7
Rxg6 27. Rxe7 Bxg4 28. Rc7 Bf5 29. Kf2 Rb1 30. Rxb1 Bxb1 31. a4 Bf5 32. a5
Kf8 33. Bc5+ Ke8 34. Re7+ Kd8 35. Rf7 Be4 36. f5 Rg2+ 37. Kf1 Rg5 38. Be7+
Ke8 39. Bxg5 Kxf7 40. e6+ 1-0

[Event "15th ETC"]
[Site "Gothenburg SWE"]
[Date "2005.08.05"]
[Round "7"]
[White "Babula,V"]
[Black "Wells,P"]
[Result "1-0"]
[WhiteElo "2604"]
[BlackElo "2529"]
[EventDate "2005.07.30"]

1. d4 Nf6 2. c4 e6 3. Nf3 b6 4. Nc3 Bb7 5. a3 d5 6. cxd5 Nxd5 7. Qc2 Nxc3
8. bxc3 Be7 9. e4 O-O 10. Bd3 c5 11. O-O Qc7 12. Qe2 Nd7 13. e5 Rfd8 14.
Be3 Rac8 15. a4 Bxf3 16. gxf3 c4 17. Bc2 f5 18. exf6 Nxf6 19. Bg5 Qd6 20.
Bxf6 Bxf6 21. Rfe1 Re8 22. Qe4 g6 23. f4 Re7 24. Re3 Rf8 25. Rh3 Bh8 26.
Rh4 Ref7 27. Re1 Rf6 28. Bd1 Bg7 29. Bg4 Kh8 30. Bxe6 Rxf4 31. Rxf4 Rxf4
32. Qd5 Qe7 33. Re3 Qf6 34. Qg2 h5 35. Bxc4 Rg4 36. Rg3 Qf4 37. Qd5 Kh7 38.
Bd3 Rxg3+ 39. hxg3 Qc1+ 40. Kg2 Qxc3 41. Qxh5+ Kg8 42. Qxg6 Qxd4 43. Qe6+
Kf8 44. Bg6 1-0

[Event "15th ETC"]
[Site "Gothenburg SWE"]
[Date "2005.08.05"]
[Round "7"]
[White "Karlsson,L"]
[Black "Graf,A"]
[Result "0-1"]
[WhiteElo "2472"]
[BlackElo "2605"]
[EventDate "2005.07.30"]

1. Nf3 d5 2. b3 Nf6 3. Bb2 e6 4. g3 c5 5. Bg2 Nc6 6. O-O Be7 7. d3 O-O 8.
Nbd2 Qc7 9. e3 e5 10. c4 d4 11. Qe2 Bd7 12. Rfe1 Rae8 13. a3 a5 14. exd4
exd4 15. Qf1 h6 16. Re2 Bf5 17. Rae1 a4 18. Ne5 axb3 19. Nxb3 Nxe5 20. Rxe5
Be6 21. Nd2 Bd6 22. R5e2 Bd7 23. Rxe8 Rxe8 24. Rxe8+ Nxe8 25. Qd1 Be7 26.
Qb3 b6 27. Bc1 Qa7 28. Nf3 Bd6 29. h3 Kf8 30. Qc2 Qa4 31. Qe2 b5 32. Ne5
Bxe5 33. Qxe5 Qd1+ 34. Kh2 Qxc1 35. Qxc5+ Kg8 36. Qxd4 Nf6 37. cxb5 Bxb5
38. a4 Ba6 39. Qb6 Qc8 40. d4 Qc4 41. a5 h5 42. Qb8+ Kh7 43. Qe5 Qe6 44.
Qc5 Qe2 45. d5 Ne4 46. Qe3 Qxe3 47. fxe3 Nd6 48. Kg1 Nb7 49. Kf2 Nxa5 50.
Kf3 Kg6 51. Kf4 Kf6 52. Ke4 Nb3 53. h4 Bc8 54. Kf4 Nc5 55. e4 Nd3+ 56. Ke3
Ne1 57. Bf1 Ke5 58. Bb5 Bg4 59. Ba4 f6 60. Bb3 Nf3 61. Bc2 Nd4 62. Ba4 Ne2
63. Bd1 Nxg3 64. Bxg4 hxg4 65. d6 Kxd6 66. Kf4 Nh5+ 0-1

[Event "15th ETC"]
[Site "Gothenburg SWE"]
[Date "2005.08.05"]
[Round "7"]
[White "Dautov,R"]
[Black "Olsson,An"]
[Result "1/2-1/2"]
[WhiteElo "2595"]
[BlackElo "2416"]
[EventDate "2005.07.30"]

1. d4 Nf6 2. c4 g6 3. g3 Bg7 4. Bg2 O-O 5. Nc3 d6 6. Nf3 Nbd7 7. O-O e5 8.
e4 c6 9. b3 Qb6 10. d5 cxd5 11. Nxd5 Nxd5 12. cxd5 Nc5 13. Be3 Bd7 14. Nd2
Rfc8 15. Re1 Qd8 16. Nc4 Be8 17. Qd2 a5 18. Rac1 b5 19. Nb2 Bf8 20. Rc2 a4
21. b4 Na6 22. Rec1 Bd7 23. a3 Be7 24. Bf1 Rxc2 25. Rxc2 Qb8 26. h4 Bd8 27.
Nd1 Qb7 28. h5 Rc8 29. Rxc8 Qxc8 30. Nc3 Qb7 31. Bd3 Nc7 32. Qe2 Qb8 33.
Kg2 Qb7 34. Qd2 Ne8 35. Qe2 Nc7 36. Kh2 Qb8 37. Qd2 Ne8 38. Qe2 Nc7 39. Qf1
Qb7 40. Qc1 Ne8 41. Qf1 Nc7 42. Be2 Qb8 43. Qd1 Qb7 44. Bd3 Ne8 45. hxg6
hxg6 46. Qe2 Nc7 47. f3 Qb8 48. Kg2 Qb7 49. Qd2 Ne8 50. Qe2 Nc7 51. Bd2 Qb8
52. Kh2 Qb7 53. Be3 Qb8 54. Qd2 Kg7 55. Bf2 Na8 56. Qe2 Nc7 57. Qe3 Qc8 58.
Qa7 Bg5 59. Bb6 Na8 60. Nxb5 Nxb6 61. Qxb6 Qc1 62. Qf2 Be3 63. Qf1 Qd2+ 64.
Qe2 Qc1 65. Qf1 Qd2+ 66. Qe2 Qc1 1/2-1/2

[Event "15th ETC"]
[Site "Gothenburg SWE"]
[Date "2005.08.05"]
[Round "7"]
[White "Stamenkov,V"]
[Black "Solak,D"]
[Result "0-1"]
[WhiteElo "2391"]
[BlackElo "2557"]
[EventDate "2005.07.30"]

1. Nf3 c5 2. c4 Nc6 3. Nc3 e5 4. e3 Nf6 5. d4 cxd4 6. exd4 e4 7. Ng5 Bb4 8.
d5 Bxc3+ 9. bxc3 Na5 10. Qd4 O-O 11. Be2 Re8 12. h4 d6 13. Rg1 h6 14. g4
hxg5 15. Bxg5 Qe7 16. Bf4 Nd7 17. O-O-O Ne5 18. Rde1 Bd7 19. h5 Rac8 20. g5
Bf5 21. h6 g6 22. h7+ Kxh7 23. Rh1+ Kg7 24. Rh6 Rh8 25. Rxh8 Kxh8 26. f3
exf3 27. c5 Kg8 28. cxd6 Qxd6 29. Kb2 fxe2 30. Ka1 Nb3+ 0-1

[Event "15th ETC"]
[Site "Gothenburg SWE"]
[Date "2005.08.05"]
[Round "7"]
[White "Nedev,T"]
[Black "Markus,R"]
[Result "0-1"]
[WhiteElo "2530"]
[BlackElo "2591"]
[EventDate "2005.07.30"]

1. e4 c5 2. Nf3 e6 3. Nc3 a6 4. d4 cxd4 5. Nxd4 b5 6. Bd3 d6 7. O-O Nf6 8.
f4 Be7 9. Kh1 Bb7 10. e5 Nd5 11. f5 dxe5 12. fxe6 exd4 13. Qh5 Qd6 14.
Qxf7+ Kd8 15. Ne4 Qb6 16. Qxg7 Re8 17. Bg5 Nc6 18. Rf8 Rxf8 19. Qxf8+ Kc7
20. Bf4+ Nxf4 21. Qxf4+ Kc8 22. Nd6+ Bxd6 23. Qxd6 Qd8 24. Qg3 Ra7 25. a4
b4 26. Bxh7 Ba8 27. Bd3 a5 28. Rf1 Re7 29. Rf6 Qd5 30. Ba6+ Bb7 31. Rf8+
Nd8 32. Be2 Qc5 33. Qg8 Qd6 34. Bb5 Kc7 35. Bc4 Nxe6 36. Bxe6 Qxe6 37. Qg3+
Qe5 38. Rf7 Qxg3 39. Rxe7+ Kd6 40. hxg3 Kxe7 0-1

[Event "15th ETC"]
[Site "Gothenburg SWE"]
[Date "2005.08.05"]
[Round "7"]
[White "Kanep,M"]
[Black "Cheparinov,I"]
[Result "1/2-1/2"]
[WhiteElo "2491"]
[BlackElo "2634"]
[EventDate "2005.07.30"]

1. d4 e6 2. Nf3 c5 3. g3 Nf6 4. Bg2 cxd4 5. Nxd4 d5 6. O-O e5 7. Nf3 Nc6 8.
c4 d4 9. e3 Bc5 10. exd4 exd4 11. Re1+ Be6 12. Ng5 O-O 13. Nxe6 fxe6 14.
Nd2 e5 15. Nb3 Bd6 16. Bg5 h6 17. Bxf6 Qxf6 18. Rf1 Kh8 19. Nd2 Qe7 20. a3
a5 21. Qg4 a4 22. Be4 Qg5 23. Qxg5 hxg5 24. h3 Na5 25. Rae1 Rac8 26. Bd3 b6
27. Kg2 Nb7 28. Nf3 Nc5 29. Bb1 Rxf3 30. Kxf3 d3 31. Kg4 Rd8 32. f3 Bc7 33.
h4 Rd4+ 34. Kh3 gxh4 35. gxh4 Rxc4 36. Rd1 Rd4 37. Rfe1 b5 38. Re3 Ne6 39.
Re4 Nf4+ 40. Kg4 Rd8 41. Rxf4 exf4 1/2-1/2

[Event "15th ETC"]
[Site "Gothenburg SWE"]
[Date "2005.08.05"]
[Round "7"]
[White "Bojkov,D"]
[Black "Sepp,O"]
[Result "0-1"]
[WhiteElo "2522"]
[BlackElo "2462"]
[EventDate "2005.07.30"]

1. e4 e5 2. Nf3 Nc6 3. Bc4 Nf6 4. d3 Be7 5. O-O O-O 6. Bb3 d6 7. c3 Na5 8.
Bc2 c5 9. Nbd2 Nc6 10. Re1 Re8 11. Nf1 h6 12. Ng3 Bf8 13. h3 Be6 14. Nh2 d5
15. exd5 Bxd5 16. Qe2 Qd7 17. Ng4 Nh7 18. Ba4 f6 19. Bd2 Rad8 20. Bc2 f5
21. Nxf5 Qxf5 22. Ne3 Qf7 23. Nxd5 Rxd5 24. Bb3 Nf6 25. Qf3 Red8 26. Re2
Kh8 27. Rf1 Qg6 28. Bxd5 Rxd5 29. Qg3 Qxd3 30. Qxd3 Rxd3 31. f4 e4 32. g4
c4 33. g5 Nh5 34. Be1 e3 35. gxh6 g6 36. Rf3 Bd6 37. Bg3 Ne7 38. Rexe3 Bc5
39. Bf2 Bxe3 40. Rxe3 Nf5 41. Re4 b5 42. a4 a6 43. axb5 axb5 44. Re5 Nxf4
45. Rxb5 Rd1+ 0-1

[Event "15th ETC"]
[Site "Gothenburg SWE"]
[Date "2005.08.05"]
[Round "7"]
[White "Palac,M"]
[Black "Lie,K"]
[Result "1-0"]
[WhiteElo "2566"]
[BlackElo "2472"]
[EventDate "2005.07.30"]

1. e4 c5 2. Nf3 e6 3. d4 cxd4 4. Nxd4 a6 5. Bd3 Bc5 6. Nb3 Ba7 7. Qe2 Nc6
8. Be3 d6 9. Bxa7 Rxa7 10. O-O Nf6 11. c4 b6 12. Nc3 O-O 13. Rad1 Rd7 14.
f4 Qc7 15. Qe3 Bb7 16. Na4 Nb4 17. Bb1 b5 18. cxb5 axb5 19. Nc3 Ng4 20. Qe2
Qb6+ 21. Kh1 Ne3 22. Qf2 Ba6 23. Rfe1 Nc4 24. Qxb6 Nxb6 25. Nd4 Nc4 26. a3
Nxb2 27. axb4 Nxd1 28. Rxd1 Rc8 29. Nde2 Rc4 30. Na2 Rc8 31. Kg1 Kf8 32.
Kf2 Ke7 33. Ke3 Ra7 34. Bd3 Bb7 35. Nac3 Ra3 36. Kd2 Rb3 37. Rb1 Rxb1 38.
Nxb1 e5 39. Nbc3 Rb8 40. Nxb5 Bxe4 41. Bxe4 Rxb5 42. Nc3 Rb8 43. f5 g6 44.
b5 gxf5 45. Bxf5 d5 46. Nxd5+ Kd6 47. Nc3 Kc5 48. Bd3 Rg8 49. g3 h5 50. Ke3
h4 51. Ne4+ Kb6 52. Nf6 Rh8 53. Nd7+ Kc7 54. Nxe5 hxg3 55. hxg3 f6 56. Nc4
Rg8 57. Kf4 Rg5 58. b6+ Kb8 59. Be4 Rc5 60. Nd6 Rc1 61. Ne8 Rf1+ 62. Bf3
Rb1 63. Nxf6 Rb4+ 64. Be4 1-0

[Event "15th ETC"]
[Site "Gothenburg SWE"]
[Date "2005.08.05"]
[Round "7"]
[White "Johannessen,LE"]
[Black "Kozul,Z"]
[Result "1/2-1/2"]
[WhiteElo "2543"]
[BlackElo "2585"]
[EventDate "2005.07.30"]

1. d4 Nf6 2. c4 g6 3. Nc3 Bg7 4. e4 d6 5. Bd3 O-O 6. Nge2 c6 7. O-O a6 8.
f3 Nbd7 9. Be3 e5 10. d5 cxd5 11. cxd5 Kh8 12. Qd2 Ng8 13. g4 h6 14. Ng3
Bf6 15. Kg2 Bg5 16. Bxg5 hxg5 17. Rh1 Kg7 18. h3 Re8 19. b4 Nf8 20. a4 Bd7
21. a5 Nh7 22. Rac1 Ngf6 23. Nd1 b5 24. axb6 Qxb6 25. Ne3 Reb8 26. Nc4 Qxb4
27. Qxb4 Rxb4 28. Nxd6 Nf8 29. Nc4 Ba4 30. Nxe5 Rb2+ 31. Ne2 Bb5 32. Nc4
Bxc4 33. Bxc4 N8d7 34. Rb1 Rxb1 35. Rxb1 Ne5 36. Ba2 Nfd7 37. Rc1 a5 38.
Nd4 a4 39. Nc6 Nd3 40. Rb1 Nf4+ 41. Kf2 Rh8 42. Rh1 Kf6 43. Ke3 Ne5 44. h4
Ng2+ 45. Kf2 Nxh4 46. Nxe5 Kxe5 47. d6 Kxd6 48. Rd1+ Ke7 49. Rb1 Rc8 50.
Rb7+ Kd6 51. Bxf7 Rc3 52. Ke2 Nxf3 53. Bxg6 Ne5 54. Bf5 a3 55. Ra7 Nc6 56.
Ra8 Rg3 57. Ra6 Kc5 58. Kf2 Rc3 59. Be6 Ne5 60. Ke2 Rh3 61. Ra5+ Kd6 62.
Ra6+ Kc7 63. Ra5 Nc6 64. Ra4 Kd6 65. Bd5 Ne5 66. Ra6+ Kc5 67. Be6 Nc6 68.
Kd2 Nd4 69. Bg8 Rg3 70. Bf7 Nf3+ 71. Kc2 Ne5 72. Ra5+ Kd4 73. Ra4+ Kc5 74.
Ra5+ Kd4 75. Ra4+ 1/2-1/2

[Event "15th ETC"]
[Site "Gothenburg SWE"]
[Date "2005.08.05"]
[Round "7"]
[White "Elsness,F"]
[Black "Zelcic,R"]
[Result "1-0"]
[WhiteElo "2440"]
[BlackElo "2522"]
[EventDate "2005.07.30"]

1. d4 Nf6 2. c4 e6 3. Nc3 Bb4 4. Qc2 O-O 5. a3 Bxc3+ 6. Qxc3 b5 7. cxb5 c6
8. Nf3 cxb5 9. Bg5 Bb7 10. e3 a6 11. Rc1 Nc6 12. Bd3 Rc8 13. Qd2 Na5 14.
Rxc8 Qxc8 15. O-O Nc4 16. Qc2 Qa8 17. Bxf6 gxf6 18. e4 Kh8 19. b3 Nd6 20.
d5 Rg8 21. Qc3 Qd8 22. Qd4 Qe7 23. Re1 Ne8 24. a4 bxa4 25. bxa4 Qd6 26. Rb1
Ba8 27. Bc4 Qf4 28. Ne1 Nd6 29. dxe6 fxe6 30. Bd3 Bc6 31. f3 a5 32. Rd1 Nf7
33. Bb5 Ne5 34. Bxc6 dxc6 35. Qc3 c5 36. g3 c4 37. Rd8 Qh6 38. Rxg8+ Kxg8
39. f4 Ng4 40. Nf3 Qg7 41. Qxc4 Qa7+ 42. Nd4 h5 43. Qxe6+ Kh7 44. Qd5 Ne3
45. Qxh5+ 1-0

[Event "15th ETC"]
[Site "Gothenburg SWE"]
[Date "2005.08.05"]
[Round "7"]
[White "Dizdar,G"]
[Black "Nordahl,H"]
[Result "1-0"]
[WhiteElo "2518"]
[BlackElo "2423"]
[EventDate "2005.07.30"]

1. d4 f5 2. Nc3 d5 3. Bf4 Nf6 4. e3 c6 5. Nf3 e6 6. Bd3 Be7 7. O-O O-O 8.
Ne2 Ne4 9. h3 Bd7 10. c4 Be8 11. Qb3 Qb6 12. c5 Qxb3 13. axb3 Nd7 14. Ne5
Nxe5 15. Bxe5 Bh5 16. Nf4 Bf7 17. b4 a6 18. Ne2 Nf6 19. Nc1 Nd7 20. Bh2
Rac8 21. Nb3 Bd8 22. Bd6 Re8 23. Na5 Bxa5 24. bxa5 Bg6 25. Ra4 Ra8 26. Rb4
Ra7 27. Ra1 e5 28. Kf1 exd4 29. exd4 Nf6 30. f3 Nh5 31. Re1 Raa8 32. g4
Rxe1+ 33. Kxe1 Re8+ 34. Kd2 fxg4 35. Bxg6 hxg6 36. hxg4 Nf6 37. Rxb7 Nh7
38. Be5 Ng5 39. Rxg7+ Kf8 40. Rxg6 Nxf3+ 41. Kc3 Nxe5 42. dxe5 Rc8 43. Kd4
Kf7 44. Rf6+ Ke7 45. g5 Kd7 46. e6+ Ke7 47. Ke5 d4 48. Rf7+ Ke8 49. g6 1-0

[Event "15th ETC"]
[Site "Gothenburg SWE"]
[Date "2005.08.05"]
[Round "7"]
[White "Pelletier,Y"]
[Black "Mihalcisin,A"]
[Result "1/2-1/2"]
[WhiteElo "2603"]
[BlackElo "2526"]
[EventDate "2005.07.30"]

1. d4 Nf6 2. c4 e6 3. Nc3 Bb4 4. Qc2 O-O 5. a3 Bxc3+ 6. Qxc3 b6 7. Bg5 Ba6
8. e3 d6 9. Nf3 Nbd7 10. Bd3 c5 11. d5 exd5 12. cxd5 Bxd3 13. Qxd3 Qe8 14.
Bf4 Ne4 15. h4 f5 16. Ng5 Ne5 17. Qe2 c4 18. Bxe5 Qxe5 19. Nxe4 Qxe4 20.
Qf3 Qe5 21. O-O-O c3 22. Qf4 cxb2+ 23. Kb1 Qxf4 24. exf4 Rfe8 25. Rhe1 Kf7
26. Kxb2 Rac8 27. Rxe8 Rxe8 28. Rd2 Rc8 29. g3 Rc5 30. Rd1 b5 31. Kb3 a5
32. h5 Rc4 33. h6 Rc5 34. hxg7 Kxg7 35. Kb2 h5 36. Kb3 Kg6 37. Re1 Rxd5 38.
Re6+ Kf7 39. Rh6 Rd3+ 40. Kb2 a4 41. Rxh5 Rb3+ 42. Ka2 Ke6 43. Rh1 Rf3 44.
Re1+ Kd5 45. Re2 Kc4 46. Rc2+ Kd4 47. Rd2+ Kc3 48. Rb2 d5 49. Kb1 Kc4 50.
Rc2+ Kd4 51. Rd2+ Kc5 52. Rc2+ Kb6 53. Ka2 d4 54. Kb2 Rb3+ 55. Ka2 Rf3 56.
Kb2 Rb3+ 57. Ka2 Rd3 58. Kb2 Rb3+ 1/2-1/2

[Event "15th ETC"]
[Site "Gothenburg SWE"]
[Date "2005.08.05"]
[Round "7"]
[White "Hug,W"]
[Black "Lenic,L"]
[Result "1/2-1/2"]
[WhiteElo "2445"]
[BlackElo "2463"]
[EventDate "2005.07.30"]

1. d4 Nf6 2. c3 e6 3. Nf3 c5 4. Bg5 h6 5. Bxf6 Qxf6 6. e4 Qd8 7. Bd3 d6 8.
O-O Be7 9. dxc5 dxc5 10. Qe2 Qc7 11. a4 Bd7 12. Nbd2 Bc6 13. Nc4 Nd7 14.
Rfe1 O-O 15. e5 Nb6 16. Nxb6 Qxb6 17. a5 Qc7 18. Be4 Rfd8 19. a6 b5 20. b3
Rd7 21. c4 b4 22. Red1 Rad8 23. Rxd7 Rxd7 24. h4 Bd8 25. h5 Qc8 26. Kf1 Qa8
27. Re1 Bxe4 28. Qxe4 Qxe4 29. Rxe4 Rd3 30. Re3 Rxe3 31. fxe3 Kf8 32. Ne1
Ke8 1/2-1/2

[Event "15th ETC"]
[Site "Gothenburg SWE"]
[Date "2005.08.05"]
[Round "7"]
[White "Borisek,J"]
[Black "Gallagher,Jo"]
[Result "1-0"]
[WhiteElo "2509"]
[BlackElo "2544"]
[EventDate "2005.07.30"]

1. e4 c5 2. Nf3 d6 3. d4 cxd4 4. Nxd4 Nf6 5. Nc3 a6 6. Be3 e6 7. f3 b5 8.
Qd2 b4 9. Nce2 e5 10. Nb3 Nc6 11. Ng3 Be6 12. O-O-O Qc7 13. Kb1 a5 14. Bb5
a4 15. Nc1 Qb7 16. Bxc6+ Qxc6 17. Nd3 Rb8 18. b3 Qb5 19. f4 Be7 20. fxe5
dxe5 21. Bg5 Bg4 22. Rdf1 axb3 23. axb3 h6 24. Bxf6 Bxf6 25. h3 Qa5 26. Qc1
Be6 27. Nh5 Ke7 28. Nxf6 Ra8 29. Nd5+ Bxd5 30. Qb2 Bxe4 31. Re1 f5 32. Nxe5
Qa6 33. Rhf1 Rhc8 34. Nc4 Qf6 35. Rxe4+ 1-0